000 00453nam a2200169 a 4500
005 20140310183301.0
008 041207s19uu xx 00 eng d
020 _a1562650068
050 _aPZ 7
_b.W996 1992
100 _aWyss, Johann
245 _aThe Swiss family Robinson/.
_cJohann Wyss
260 _aTexas ;
_bSchool of Tomorrow,
_c1992.
300 _a328 p. :
_c19 cm.
650 _aFamily life
_xFiction.
942 _cBK
_2lcc
999 _c20972
_d20972